000 00755nam a2200241Ia 4500
003 OSt
005 20221005033458.0
006 a|||||r|||| 00| 0
007 ta
008 221004b |||||||| |||| 00| 0 san d
020 _a9788121703338 (hbk)
_cINR 395.00
024 _a44873
037 _b272, 09/02/2019, Eastern Book Linkers
_cTextual
040 _aCRL
_cCRL
_bsan
041 _2san
_asan
082 _aO15,1:g(Q2:31), Q8
100 _aNarayanan E. R. Au.
_9586114
245 0 _aSridurgavijayamahakavya
260 _aDelhi
_bBhartiya Vidhya Prakashan India
_c2018
300 _a124p.
_ccm.
942 _hO15,1:g(Q2:31), Q8
_cTEXL
_2cc
999 _c941600
_d941600